00528nam a2200181 a 4500001001300000003000900013005001700022008004100039020001000080082002000090100002400110245006100134260004800195300000900243500003500252650003500287700002400322nice12345678IN_TiNIC20260116014223.0070327s2004 dela grp 000 0 eng  ac20000a324.245408bKHA aKhan, Shaukat Ullah aSaffronisation of Educationb Instruments and Strategies aDelhibInstitute of Objective Studiesc2004 a153p aincludes index and biblioraphy aReligious Fundamentalism-Hindu1 aKhan, Shaukat Ullah